'B' Game Quiz Stats

 Plays Quiz Updated Dec 9, 2017

Score 0/61 Timer 10:00
1 Play Today
% Correct
Brazil
70.9%
Boron
66%
George H.W. Bush
66%
George W. Bush
66%
Bolivia
65.8%
Belgium
65.2%
Gordon Brown
63.5%
Ludwig van Beethoven
62.5%
Johann Sebastian Bach
61.2%
Boston
60.7%
Chicago Bears
59.7%
Benedict
59%
Denver Broncos
49.7%
Bulgaria
49.6%
Belize
48.3%
Botswana
46.9%
Cleveland Browns
46.6%
Tony Blair
46.4%
Bahamas
45.8%
Cincinnati Bengals
45.5%
Buffalo Bills
44.8%
Bangladesh
44%
Belarus
43%
Brasília
42.2%
Tampa Bay Buccaneers
41.7%
Beijing
41.7%
Barbados
40.8%
Boise
40.6%
Berlin
40%
Buenos Aires
39.2%
Barium
38.5%
% Correct
Birmingham City
38.1%
Bahrain
37.9%
Bogotá
37.7%
Johannes Brahms
36.9%
Bhutan
36.2%
James Buchanan
35.5%
Beryllium
33.7%
Barcelona
32.8%
Baton Rouge
32.7%
Bosnia and Herzegovina
32.4%
Benin
31.7%
Burundi
31.3%
Bismarck
31.3%
Brunei
30.5%
Bournemouth
27.4%
Bromine
26.8%
Burkina Faso
26%
Bolton Wanderers
25.3%
Brighton & Hove Albion
22.7%
Blackpool
19.8%
Bismuth
17.7%
Blackburn Rovers
15.2%
Burnley
14.7%
Barnsley
13.4%
Bradford City
13%
Boniface
11.9%
Berkelium
11.5%
Bohrium
11%
Stanley Baldwin
9.5%
Arthur Balfour
7.5%

You're not logged in!

Compare scores with friends on all Sporcle quizzes.
OR
Log In

Sporcle TV

Today on Sporcle TV


Watch our educational content, quiz creation guides, and fun videos on Sporcle TV.

Show Comments

Extras

Top Quizzes Today


Score Distribution

Your Account Isn't Verified!

In order to create a playlist on Sporcle, you need to verify the email address you used during registration. Go to your Sporcle Settings to finish the process.

Report this User

Report this user for behavior that violates our Community Guidelines.

Details: